Score 0/10 Timer 01:00
0 Plays Today
% Correct
Sherlock Holmes
94.9%
John Watson
91%
Jim Moriarty
74.8%
Mycroft Holmes
73.4%
Mrs. Hudson
66.6%
Inspector Lestrade
66.5%
Irene Adler
63.2%
Molly Hooper
61.5%
Philip Anderson
59.9%
Sally Donovan
52.7%

Today's Daily Dose

Remove Ads.
Support Sporcle.
Get the best of Sporcle when you Go Orange. This ad-free experience offers more features, more stats, and more fun while also helping to support Sporcle. Thank you for becoming a member.

You're not logged in!

Compare scores with friends on all Sporcle quizzes.
OR
Log In

Show Comments

Extras

Top Quizzes Today


Score Distribution

Your Account Isn't Verified!

In order to create a playlist on Sporcle, you need to verify the email address you used during registration. Go to your Sporcle Settings to finish the process.

Report this User

Report this user for behavior that violates our Community Guidelines.

Details: